Villes françaises ayant un consulat d'Algérie - Statistiques

Statistiques générales
  • Ce quiz a été pris 69 fois
  • Le résultat moyen est 13 sur 18
Statistiques - réponses
Région Ville % Correct
Auvergne-Rhône-Alpes Lyon
95%
Île-de-France Paris
95%
Grand Est Strasbourg
95%
Provence-Alpes-Côte d’Azur Marseille
94%
Hauts-de-France Lille
92%
Provence-Alpes-Côte d’Azur Nice
86%
Nouvelle-Aquitaine Bordeaux
83%
Occitanie Toulouse
81%
Occitanie Montpellier
79%
Pays de la Loire Nantes
75%
Auvergne-Rhône-Alpes Grenoble
67%
Grand Est Metz
65%
Auvergne-Rhône-Alpes Saint-Etienne
59%
Île-de-France Nanterre
56%
Île-de-France Créteil
51%
Bourgogne-Franche-Comté Besançon
48%
Île-de-France Bobigny
40%
Île-de-France Pontoise
24%
Aucun quiz correspondant
Distribution des résultats
% des personnes avec chaque résultat
Percentile par nombre de réponses
Votre historique - résultats
Vous n’avez pas pris ce quiz